Quy định pháp luật về hàng hóa, dịch vụ hạn chế kinh doanh và kinh doanh có điều kiện
שמור ב:
| פורמט: | ספר |
|---|---|
| שפה: | Undetermined |
| יצא לאור: |
Hà Nội
Chính Trị Quốc Gia
2001
|
| נושאים: | |
| תגים: |
הוספת תג
אין תגיות, היה/י הראשונ/ה לתייג את הרשומה!
|
| Thư viện lưu trữ: | Trung tâm Học liệu Trường Đại học Cần Thơ |
|---|
| LEADER | 00552nam a2200169Ia 4500 | ||
|---|---|---|---|
| 001 | CTU_44267 | ||
| 008 | 210402s9999 xx 000 0 und d | ||
| 020 | |b 36.000đ | ||
| 082 | |a 346.59707 | ||
| 082 | |b Qu600 | ||
| 245 | 0 | |a Quy định pháp luật về hàng hóa, dịch vụ hạn chế kinh doanh và kinh doanh có điều kiện | |
| 260 | |a Hà Nội | ||
| 260 | |b Chính Trị Quốc Gia | ||
| 260 | |c 2001 | ||
| 650 | |a commercial law | ||
| 904 | |i Minh, 011106 | ||
| 980 | |a Trung tâm Học liệu Trường Đại học Cần Thơ | ||